Masalah semasa alam sekitar Malaysia

Bibliographic Details
Main Author: ISMAIL Sahid
Format: Book
Published: Bangi, Selangor : UKM , 1985
Subjects:

MARC

LEADER 00000cam a2200000 7i4500
001 0000000705
005 20000925.0
020 0 0 |a 9679420531 
090 0 0 |a 333.709595   |b ISM 1985 
100 0 0 |a ISMAIL Sahid 
245 1 0 |a Masalah semasa alam sekitar Malaysia   |c Ismail Sahid 
260 0 0 |a Bangi, Selangor :   |b UKM ,   |c 1985 
300 |a 96 p. ;   |c 22 cm. 
500 0 0 |a Bibliography: [p. 95-96] 
650 0 0 |a Pollution   |x Environmental aspects   |z Malaysia 
999 |a 0000000386   |b Monograph   |c Open Shelf   |e Default branch